Christina Ricci Filmography - Statistics

General Stats
  • This quiz has been taken 70 times
    11 since last reset
  • The average score is 33 of 119
Answer Stats
Type Year Name % Correct
Film 1991 The Addams Family
100%
Film 1993 Addams Family Values
89%
Film 1995 Casper
78%
Film 1990 Mermaids
67%
Film 2003 Monster
67%
TV Show 1991, 1993, 1999 Saturday Night Live
67%
Film 1999 Sleepy Hollow
67%
Web Series 2022-Present Wednesday
67%
Film 2006 Black Snake Moan
56%
Film 2001 Prozac Nation
56%
Film 2012 Bel Ami
44%
Film 2005 Cursed
44%
TV Show 2006 Grey's Anatomy
44%
Short Film 1997 Little Red Riding Hood
44%
TV Show 2002 Malcolm in the Middle
44%
Music Video 2000 Natural Blues
44%
TV Show 2011-2012 Pan Am
44%
Film 1998 Pecker
44%
Film 2006 Penelope
44%
TV Show 2021 Rick and Morty
44%
TV Show 2009 Saving Grace
44%
Film 1998 Small Soldiers
44%
Film 2008 Speed Racer
44%
Video Game 2008 Speed Racer: The Videogame
44%
TV Show 1996 The Simpsons
44%
TV Show 2021-Present Yellowjackets
44%
Film 1999 200 Cigarettes
33%
Music Video 1991 Addams Groove
33%
Film 2009 After.Life
33%
TV Show 2002 Ally McBeal
33%
Film 2003 Anything Else
33%
Film 1996 Bastard out of Carolina
33%
Web Series 2024, 2025 Batman: Caped Crusader
33%
Film 2000 Bless the Child
33%
Film 2011 Bucky Larson: Born to Be a Star
33%
Documentary 2024 Child Star
33%
Music Video 2023 Demons
33%
Film 1998 Desert Blue
33%
Film 1998 Fear and Loathing in Las Vegas
33%
Film 1995 Gold Diggers: The Secret of Bear Mountain
33%
Film 2025 Guns Up
33%
TV Show 1990 H.E.L.P.
33%
TV Show 2005 Joey
33%
Film 2022 Monstrous
33%
Film 2016 Mothers and Daughters
33%
Film 2008 New York, I Love You
33%
Film 1999 No Vacancy
33%
Film 1995 Now and Then
33%
Film 2020 Percy
33%
Film 2017 Teen Titans: The Judas Contract
33%
Film 1997 That Darn Cat
33%
Film 1993 The Cemetery Club
33%
Film TBA The Dresden Sun
33%
Film 2003 The Gathering
33%
TV Show 2012 The Good Wife
33%
Film 1991 The Hard Way
33%
Film 2014 The Hero of Color City
33%
Film 1997 The Ice Storm
33%
TV Mini-Series 2015 The Lizzie Borden Chronicles
33%
Film 2000 The Man Who Cried
33%
Film 2021 The Matrix Resurrections
33%
Music Video 1990 The Shoop Shoop Song (It's in His Kiss)
33%
Film 2013 The Smurfs 2
33%
Music Video 1993 Whoomp! (There It Is)
33%
Film 2020 10 Things We Should Do Before We Break Up
22%
TV Show 2020 50 States of Fright
22%
Film 2001 All Over the Guy
22%
Film 2009 All's Faire in Love
22%
Film 2010 Alpha and Omega
22%
Film 2013 Around the Block
22%
Film 1998 Buffalo '66
22%
TV Show 1998 Bug City
22%
Short Film 2011 California Romanza
22%
TV Show TBA Chop Shop
22%
TV Show 2021 Cinema Toast
22%
Film 2018 Distorted
22%
TV Film 2019 Escaping the Madhouse: The Nellie Bly Story
22%
Podcast 2023 Harley Quinn & The Joker: Sound Mind
22%
Film 2006 Home of the Brave
22%
Film 2003 I Love Your Work
22%
Film 1998 I Woke Up Early the Day I Died
22%
TV Film 2014 Lizzie Borden Took an Ax
22%
Film 2002 Miranda
22%
Film 2002 Pumpkin
22%
TV Short 2019 The Cold Open
22%
TV Film 2002 The Laramie Project
22%
Film 1996 The Last of the High Kings
22%
Video Game 2008 The Legend of Spyro: Dawn of the Dragon
22%
Film 1998 The Opposite of Sex
22%
Film 2012 War Flowers
22%
TV Show 2017 Z: The Beginning of Everything
22%
Film 2020 Faraway Eyes
11%
Film 2020 Percy vs Goliath
11%
Music Video 2012 Teach Me How to Dream
11%
Theater 2010-2011 Time Stands Still
11%
Documentary Series 2019 American Masters
0%
Theater 2012 A Midsummer Night's Dream
0%
TV Show 2017 Ant & Dec's Saturday Night Takeaway
0%
Commercial 2002 AT&T
0%
Documentary 2003 Breakfast with Hunter
0%
TV Show 2023 Celebrity Family Feud
0%
Commercial 1989-1990 Count Chocula / Frankenberry
0%
TV Show 1999 Fanatic
0%
Documentary Series 2008 Getaway
0%
Web Series 2023-2024 Hollywood Houselift with Jeff Lewis
0%
Web Series 2025 Hot Ones Versus
0%
Documentary Mini-Series 2002 I Love the '80s
0%
Documentary TBA Johnny's Inferno
0%
TV Show 2018 Match Game
0%
TV Show 2011 Project Runway
0%
TV Special 2008 Stand Up to Cancer
0%
Short Film 2024 Supercell's Squad Busters: Squad Up!
0%
Theater 2003 The 24 Hour Plays 2003
0%
Theater 2004 The 24 Hour Plays 2004
0%
Documentary 2005 The Fearless Freaks
0%
Commercial 2002 The Gap
0%
TV Show 2022 The Wheel
0%
TV Show 2005 Total Request Live
0%
TV Show 1992 Where in the World Is Carmen Sandiego?
0%
No matching quizzes found
Score Distribution
Percent of People with Each Score
Percentile by Number Answered
Your Score History
You have not taken this quiz since the last reset